Health-seeking behavior related to sowa rigpa in Bhutan / (Record no. 838)
[ view plain ]
| 000 -LEADER | |
|---|---|
| fixed length control field | 00773nam a2200217 4500 |
| 001 - CONTROL NUMBER | |
| control field | 1192 |
| 005 - DATE AND TIME OF LATEST TRANSACTION | |
| control field | 20181127162853.0 |
| 010 00 - LIBRARY OF CONGRESS CONTROL NUMBER | |
| LC control number | |
| 020 00 - INTERNATIONAL STANDARD BOOK NUMBER | |
| International Standard Book Number | 9789993676263 |
| 090 00 - LOCALLY ASSIGNED LC-TYPE CALL NUMBER (OCLC); LOCAL CALL NUMBER (RLIN) | |
| Classification number (OCLC) (R) ; Classification number, CALL (RLIN) (NR) | 362.1 L688h 2011 |
| 100 00 - MAIN ENTRY--PERSONAL NAME | |
| Personal name | Lhamo, Namgay. |
| 245 00 - TITLE STATEMENT | |
| Title | Health-seeking behavior related to sowa rigpa in Bhutan / |
| Remainder of title | |
| Statement of responsibility, etc. | Namgay Lhamo. |
| Medium | |
| 250 00 - EDITION STATEMENT | |
| Edition statement | |
| 260 00 - PUBLICATION, DISTRIBUTION, ETC. | |
| Place of publication, distribution, etc. | Thimphu : |
| Name of publisher, distributor, etc. | National Institute of Traditional Medicine, Royal University of Bhutan, |
| Date of publication, distribution, etc. | 2011. |
| 300 00 - PHYSICAL DESCRIPTION | |
| Extent | 37 p. : col. ill. |
| 500 00 - GENERAL NOTE | |
| General note | "A study funded by World Health Organization (WHO)" |
| 650 00 - SUBJECT ADDED ENTRY--TOPICAL TERM | |
| Topical term or geographic name entry element | Health attitudes --Bhutan. |
| General subdivision | |
| Topical term or geographic name entry element | Health behavior --Bhutan. |
| General subdivision | |
| Topical term or geographic name entry element | Traditional medicine --Bhutan. |
| General subdivision | |
| 710 ## - ADDED ENTRY--CORPORATE NAME | |
| Corporate name or jurisdiction name as entry element | National Institute of Traditional Medicine, Royal University of Bhutan. |
| Subordinate unit | |
| Location of meeting | |
| Date of meeting or treaty signing | |
| Number of part/section/meeting | |
| Arranged statement for music | |
| Name of part/section of a work | |
| Key for music | |
| Version | |
| Title of a work | |
| Withdrawn status | Lost status | Source of classification or shelving scheme | Damaged status | Not for loan | Collection code | Home library | Current library | Shelving location | Date acquired | Serial Enumeration / chronology | Inventory number | Total Checkouts | Total Renewals | Full call number | Barcode | Date last seen | Date last checked out | Copy number | Price effective from | Koha item type |
|---|---|---|---|---|---|---|---|---|---|---|---|---|---|---|---|---|---|---|---|---|
| Dewey Decimal Classification | Main TEST | RTC Library | RTC Library | Main opac | 14/06/2023 | 4320 | 1 | 2 | 362.1 LHA | 30000049 | 01/12/2023 | 14/06/2023 | 1 | 27/11/2018 | Main | |||||
| Dewey Decimal Classification | Main TEST | RTC Library | RTC Library | Main opac | 4321 | 362.1 LHA | 30000074 | 27/11/2018 | 2 | 27/11/2018 | Main | |||||||||
| Dewey Decimal Classification | Main TEST | RTC Library | RTC Library | Main opac | 4322 | 362.1 LHA | 30000054 | 27/11/2018 | 3 | 27/11/2018 | Main | |||||||||
| Dewey Decimal Classification | Main TEST | RTC Library | RTC Library | Main opac | 4323 | 362.1 LHA | 30000064 | 27/11/2018 | 4 | 27/11/2018 | Main | |||||||||
| Dewey Decimal Classification | Main TEST | RTC Library | RTC Library | Main opac | 4324 | 362.1 LHA | 30000039 | 27/11/2018 | 5 | 27/11/2018 | Main | |||||||||
| Dewey Decimal Classification | Main TEST | RTC Library | RTC Library | Main opac | 5817 | 362.1 LHA | 30000059 | 27/11/2018 | 6 | 27/11/2018 | Main |